Random quiz 2 - Statistics

General Stats
  • This quiz has been taken 8 times
  • The average score is 7 of 50
Answer Stats
Hint Answer % Correct
How many sidemen members scored in the most recent sidemen charity match? 3
100%
Who along with Paul Allen contributed to the launch of microsoft? Bill gates
100%
How many people die in krampus? Hint: this is a bit of a trick question. 1
67%
How many star wars movies are there? Not including tv shows. 11
67%
Okay bud, how much is 2 devils dozen? 26
67%
What month did covid officially start? January
67%
In March 8, 2014, what country launched a plane that was supposed to land in beijing but instead launched one of the biggest mysteries ever? Malaysia
67%
There may be 7 rows in the periodic table, but how many columns? 18
33%
Which of the 7 founding fathers of the country did not TECHNICALLY own any slaves ever? Alexander Hamilton
33%
Also in 2014, Who made one of the most iconic catches in nfl history? Hint: Eli manning threw the pass Odell beckham jr
33%
In 2014 lol, what mineral crashed the market leaving countries such as Iran, Venezuela, and Nigeria in shambles? Oil
33%
What year did the original nightmare on elm street come out? 1984
0%
To the nearest hundred, How many people died in 9/11? 3000
0%
Subtract the number of cards in a deck from the amount of days in a lunar year. 302
0%
Besides Madden 23 and Fifa 23, what is EAs most up to date game that you can still play? Hint: not a sports game, kinda similar to fortnite? Apex legends
0%
Switzerland may have discovered chocolate, but what empire discovered vanilla? Aztecs
0%
What is the only mammal that can fly? Bat
0%
What is the currency in belize? Belize dollar
0%
What is stephen kings favorite horror movie of all time? Hint: it’s not one of his, and it was made in 1999. Blair witch project
0%
In scary stories to tell in the dark, what is the cringiest line ever? Butt pimple
0%
What killer from a movie franchise is notoriously known for having a hook for a hand? Candyman
0%
If I was a slot attendant, what type of building would i most likely be working at? Casino
0%
What was minecraft’s name it’s file before it was released? Cave game
0%
Hands up, Everybody run… Cole outside
0%
Who sang lips of an angel? Hint: starts with D and ends with aughtry. Daughtry
0%
Who wants a massage? Deshaun
0%
Who was on the cover of fifa 20? Hint: this player MASSIVELY fell off. Eden hazard
0%
What is the highest grossing horror movie of all time? (It is close between 2 so if you say one of them I’ll give you it) It
0%
Who is the most hated person on social media? Hint: #1 and #2 are related Jake paul
0%
What is the most populated city in africa BY METRO AREA? Lagos
0%
Most streamed song in 2021? Levitating
0%
In overwatch, who is the only hero who’s name starts with an L? Lucio
0%
Where in asia is the city of Murun located? Mongolia
0%
What non country flag features a woman holding a harp a cross at the same time in a green skirt? Montserrat
0%
Where in the Africa can you find tangier? Morocco
0%
What word is significant to the spelling of a sport as well as a term associated with a dislikable smell? Pong
0%
Who scored for the United states in the game against Iran? Pulisic
0%
What was the most successful season of fortnite Season 7
0%
What is the most bought fortnite skin ever? It was not even close lol Skull trooper
0%
What bug has 4 noses? Slug
0%
Who was the half blood prince? Snape
0%
What sea animal is known for straight up not having a brain? Starfish
0%
What is the most recent football team that was established? Texans
0%
In 2014, this highly successfully horror movie was launched about a mom and her son who has a book which feels a little to real and it seems to exist in their house. The babadook
0%
What animal symbolizes strength? Tiger
0%
Who wrote the bible? Unknown
0%
Where in the world can you find the city of colonia del sacramento? Uruguay
0%
Last question brah, who was 83 overall on fifa 21 and 22 and finally was upgraded to 85 in fifa 23 Valverde
0%
What fast food place was the first to use the drive in window? Wendy’s
0%
Who had the best goal? Hint: It was on the youtube all stars team. Yung filly
0%
No matching quizzes found
Score Distribution
Percent of People with Each Score
Percentile by Number Answered
Your Score History
You have not taken this quiz